hopefully the hardest science quiz on jet punk - Statistics

General Stats
  • This quiz has been taken 64 times
  • The average score is 3 of 10
Answer Stats
Hint Answer % Correct
E equals mc what squared
90%
What is the speed of sound in mach 1
88%
What temperature in celsius does absolute zero have -273,15
33%
What is the speed of light in mach 874 030
20%
How much solar masses does the biggest black hole that we found have 100 billion
8%
What is Jupiters smallest moon Jupiter lil
8%
What temperature does absolute hot have in kelvin 142 nonillion
6%
How much light years does the biggest galaxy that we found have in length 16.3 million
6%
How much kilometers does one light year have 9.46 trillion
4%
How much light years in radius does the smallest galaxy that we found have around 80
4%
No matching quizzes found
Score Distribution
Percent of People with Each Score
Percentile by Number Answered
Your Score History
You have not taken this quiz